Iconic cars by picture - Statistics

General Stats
  • This quiz has been taken 136 times
  • The average score is 6 of 8
Answer Stats
Picture Answer % Correct
Volkswagen Beetle
91%
Ford Mustang
86%
Ferrari F40
81%
Ford Model T
81%
Lamborghini Aventador
80%
Mercedes 300SL
56%
Jaguar E Type
55%
Bugatti Type 35
24%
No matching quizzes found
Score Distribution
Percent of People with Each Score
Percentile by Number Answered
Your Score History
You have not taken this quiz